Gaming Quiz

Random Gaming Quiz
Score 0/15 Timer 10:00
0 Plays Today
Hint Answer % Correct
Harvey Dent Two Face
95.3%
Harleen QuinzelHarley Quinn
95.3%
Unknown The Joker
94.9%
Edward NigmaThe Riddler
94.4%
Pamela Isley Poison Ivy
93.6%
Victor FriesMr Freeze
93.2%
Selina KyleCatwoman
92.7%
Oswald CobblepotThe Penguin
91.9%
Hint Answer % Correct
Jonathan CraneScarecrow
89.3%
Basil KarloClayface
88%
Waylon JonesKiller Croc
85.9%
Jervis TetchMad Hatter
82.1%
Kirk Langstorm Man Bat
80.3%
Unknown Bane
76.5%
Drury WalkerKiller Moth
71.8%
Remove Ads.
Support Sporcle.
Get the best of Sporcle when you Go Orange. This ad-free experience offers more features, more stats, and more fun while also helping to support Sporcle. Thank you for becoming a member.

You're not logged in!

Compare scores with friends on all Sporcle quizzes.
OR
Log In

Show Comments

Extras

Created Jan 11, 2015ReportNominate
Tags:Batman, lego, Villains

Top Quizzes Today


Score Distribution

Your Account Isn't Verified!

In order to create a playlist on Sporcle, you need to verify the email address you used during registration. Go to your Sporcle Settings to finish the process.

Report this User

Report this user for behavior that violates our Community Guidelines.

Details: